Scripta numismatica /

محفوظ في:

المؤلف الرئيسي: Seyrig, Henri (مؤلف)

مؤلف مشترك: Institut français d'archéologie du Proche-Orient.

التنسيق: كتاب

اللغة: French

منشور في: Paris : Libr. orientaliste P. Geuthner, 1986.

سلاسل: Bibliotheque archeologique et historique ; 126.
BAH ; 126.

الموضوعات:

الوسوم: إضافة وسم

لا توجد وسوم, كن أول من يضع وسما على هذه التسجيلة!

رقم الطلب: DS93 .F8 v.126

LEADER 01134namaa2200313 4500
001 22603
003 OSt
005 20211128125240.0
008 130303s1986 fr a g b 000 0 fre d
952 |0 0  |1 0  |2 lcc  |3 V.126  |4 0  |6 DS0093 F8 V.00126  |7 1  |9 23561  |a ARCE  |b ARCE  |d 2021-11-28  |l 0  |o DS93 .F8 v.126  |p 1021434  |r 2021-11-28 00:00:00  |w 2021-11-28  |y BK 
999 |c 28680  |d 28680 
010 |a 87108819 
020 |a 2705302646 
040 |c ARCE Library 
050 4 |a DS93 .F8 v.126 
100 1 |a Seyrig, Henri,  |e author 
245 1 0 |a Scripta numismatica /  |c Henri Seyrig. 
264 1 |a Paris :   |b Libr. orientaliste P. Geuthner,   |c 1986. 
300 |a 490 pages :   |b illustrations ;   |c 24 cm. 
490 1 |a Bibliotheque archeologique et historique ;   |v 126. 
490 1 |a BAH ;   |v 126. 
500 |a At head of Title : Institut français d'archéologie du Proche-Orient. 
504 |a Includes bibliographical references. 
650 0 |a Numismatics, Greek. 
710 2 |a Institut français d'archéologie du Proche-Orient. 
830 0 |a Bibliotheque archeologique et historique ;   |v 126. 
830 0 |a BAH ;   |v 126. 
901 |a reviewed 
942 |c BK  |2 lcc